LEADER 01440nas a2200265 i 4500 001 000000174708 003 CaOOAMICUS 005 20090115000000.0 008 080911b2008 it uu u0 0ita r 013 $a152184 040 $aSeMil$bita 245 10$aCelebrare per avere parte al mistero di Cristo :$bLa partecipazione alla liturgia : 59. Settimana Liturgica Nazionale, Palermo, 25-29 agosto 2008 /$cCentro Azione Liturgica. 260 $aRoma :$bCAL,$c2008. 300 $a110 p. :$bill., notazione musicale ;$c24 cm + [1] allegato. 500 $aIn copertina : Arcidiocesi di Palermo. - In Allegato : Avrò parte con te : canto per la 59. Settimana Liturgica Nazionale. 700 1 $aSettimana Liturgica Nazionale <59. ; 2008 ; Palermo>.$0(OLS)http://semarc/name/65200 710 2 $aArcidiocesi di Palermo.$0(OLS)http://semarc/name/29683 710 2 $aCentro di Azione Liturgica .$0(OLS)http://semarc/name/485 774 0 $t[vedi periodico].$w()269705 774 0 $aLiberto, Giuseppe$tAvrò parte con te.$w()269706 850 $aSeMil 852 $aSeMil$W1$xVenegono$y1$m97 4 52BIS$j125539$B125539$CSeMilBibl$Z2$F138453 $85 961 $aCambio: Scuola Cattolica 996 $6245$aCelebrare per avere parte al mistero di Cristo :$bLa partecipazione alla liturgia : 59. Settimana Liturgica Nazionale, Palermo, 25-29 agosto 2008$9(OLS)http://semarc/title/250461 996 $6260$aRoma :$bCAL$9(OLS)http://semarc/publisher/30728 LEADER 01463nam a2200253 i 4500 001 000000342740 003 CaOOAMICUS 005 20201102121054.0 008 201027s2008 vc u001 u lat u 013 $a101818 040 $aSeMil$bita 100 1 $aOuellet, Marc,$c.$0(OLS)http://semarc/name/69456 245 10$aRelatio post disceptationem :$bVerbum Domini in vita et missione ecclesiae /$cab Em.mo D. Marc Card. Ouellet, P.S.S. Archiepiscopo Quebecensi Relatore Generali. 246 01$aLa Parole de Dieu dans la vie et la mission de l'Église :$brelatio post disceptationem 300 $a38,41 p. ;$c27 cm 500 $aIn testa al front. : Synodus Episcoporum ; 12. coetus generalis ordinarius. - Il complemento al titolo precede il titolo. - In mezzo al front. : Textus latinus ; Contiene Édition française 650 4$aSinodalità episcopale - Città del Vaticano - Atti e documenti.$0(OLS)http://semarc/subject/7232 830 0$aSynodus Episcoporum.$0(OLS)http://semarc/title/13886 850 $aSeMil 852 $aSeMil$W1$xVenegono$y1$m5D XII 32/3$j221999$B233616$CSeMilBibl$Z2$F233616 $81 961 $aCopia sottolineata 996 $6246$aLa Parole de Dieu dans la vie et la mission de l'Église :$brelatio post disceptationem$9(OLS)http://semarc/title/431667 996 $6245$aRelatio post disceptationem :$bVerbum Domini in vita et missione ecclesiae$9(OLS)http://semarc/title/431607